00255 a2200133 4500001000700000020001800007040001100025100001600036240002300052245001800075300000700093362000900100440001200109186465 a85-08-04719-3 cMagnum aRocha, Ruth10aBorba, o gatolpor10aBorba, o gato a400 a2003 1aÁtica